000 00941nam a22002177a 4500
003 NALT
005 20251125233118.0
008 th tha d
040 _aNALT
041 _atha
050 _a
090 _aKF 43.T5
_bร399
245 0 0 _aร่างพระราชบัญญัติว่าด้วยการเลือกปฏิบัติโดยไม่เป็นธรรมต่อบุคคล (ฉบับที่) พ.ศ. .... (ฉบับภาคประชาชน).
260 _aนนทบุรี :
_bสำนักงานปฏิรูป (สปร.),
_cม.ป.ป..
300 _a4 หน้า ;
_b
_c29 ซม.
650 4 _aสิทธิของพลเมือง
_920743
850 _aNALT
856 4 0 _uhttps://hdl.handle.net/20.500.14156/500614
942 _cLB
_2local
999 _c72557
_d72557
998 _j104
_k นางสาวสายฝน ดีงาม